000
00313pam a2200133 a 4500
020
_c
041
_h
082
_a
750
_b
HOS
100
_a
Rangit Hoskote .
245
_a
Pilgrim Exile Sorcerer
_h
Textual Documents
260
_a
[s.l]:
_b
Eminence Design Pvt,
_c
1998.
300
_a
180:
_b
paper.
930
_a
4719
999
_c
238509
_d
238509